logo

Bir Sreshtho Munshi Abdur Rouf Library
Jhenaidah Cadet College

Principals Of Genetics / (Record no. 6666)

MARC details
000 -LEADER
fixed length control field 00689nam a22002537a 4500
001 - CONTROL NUMBER
JCCL Control Number 6666
003 - CONTROL NUMBER IDENTIFIER
JCCL marc code BD-JhCC
005 - DATE AND TIME OF LATEST TRANSACTION
control field 20180401102135.0
008 - FIXED-LENGTH DATA ELEMENTS--GENERAL INFORMATION
fixed length control field 180127b1958 ja ad||| |||| 00| 0 eng d
035 ## - SYSTEM CONTROL NUMBER
system control number (BD-JhCC)6666
040 ## - CATALOGING SOURCE
Original cataloging agency BD-JhCC
Modifying agency BD-JhCC
041 ## - LANGUAGE CODE
Language code of Book eng
082 ## - DEWEY DECIMAL CLASSIFICATION NUMBER
Classification number 575.5
Author mark and Year SIN 1958
100 ## - MAIN ENTRY--PERSONAL NAME
Personal name Sinnott, Edmund W.
245 ## - TITLE STATEMENT
Title Principals Of Genetics /
Statement of responsibility, etc Edmund W. Sinnott, L.C.Dunn, Theodosius Dobzhansky
260 ## - PUBLICATION, DISTRIBUTION, ETC. (IMPRINT)
Place of publication, distribution, etc Tokyo :
Name of publisher, distributor, etc McGraw-Hill Kogakuhsa,LTD,
Date of publication, distribution, etc 1958.
300 ## - PHYSICAL DESCRIPTION
Pagination 459 p. :
Other physical details ill.;
Dimensions 24 cm.
650 ## - SUBJECT ADDED ENTRY--TOPICAL TERM
Topical term or geographic name as entry element Variation (Biology)
650 ## - SUBJECT ADDED ENTRY--TOPICAL TERM
Topical term or geographic name as entry element Genetics
700 ## - ADDED ENTRY--PERSONAL NAME
Personal name Dunn, L.C.
700 ## - ADDED ENTRY--PERSONAL NAME
Personal name Dobzhansky, Theodosius
942 ## - ADDED ENTRY ELEMENTS (KOHA)
Source of classification or shelving scheme Dewey Decimal Classification
Koha item type Books
Holdings
Source of classification or shelving scheme Damaged status Not for loan Home library Current library Shelving location Total Checkouts Full call number Barcode Date last seen Copy number Koha item type
Dewey Decimal Classification     JCC Rouf Library JCC Rouf Library General Stacks   575.5 SIN 1958 9205 01/27/2018 C - 1 Books

JCC Library | Contacts | JCC Home

Last Update on 23 September 2017
Copyright @ 2017-2020 JCC Rouf Library
Rouf Library, Jhenidah Cadet College (JCC), Bangladesh